Normal view MARC view
  • Bogeart M V D

Entry Personal Name

Number of records used in: 1

001 - CONTROL NUMBER

  • control field: 5384

003 - CONTROL NUMBER IDENTIFIER

  • control field: OSt

005 - DATE AND TIME OF LATEST TRANSACTION

  • control field: 20180123095002.0

008 - FIXED-LENGTH DATA ELEMENTS

  • fixed length control field: 180123|| aca||aabn | a|a d

040 ## - CATALOGING SOURCE

  • Original cataloging agency: OSt
  • Transcribing agency: OSt

100 ## - HEADING--PERSONAL NAME

  • Personal name: Bogeart M V D

670 ## - SOURCE DATA FOUND

  • Source citation: Work cat.: (OSt): Bogeart M V D, Group Entreprunership with Rural the Rural Poor, 1989

Powered by Koha